Prime Ministers of Canada: Sing and learn Canadian story
Tallennettuna:
| Päätekijä: | |
|---|---|
| Aineistotyyppi: | Kirja |
| Kieli: | Undetermined |
| Julkaistu: |
Toronto, Canada
Sara Jordan
2001
|
| Aiheet: | |
| Tagit: |
Lisää tagi
Ei tageja, Lisää ensimmäinen tagi!
|
| Thư viện lưu trữ: | Trung tâm Học liệu Trường Đại học Cần Thơ |
|---|
| LEADER | 00503nam a2200169Ia 4500 | ||
|---|---|---|---|
| 001 | CTU_56131 | ||
| 008 | 210402s9999 xx 000 0 und d | ||
| 082 | |a 782.42 | ||
| 082 | |b S466 | ||
| 100 | |a Blaine Selkirk | ||
| 245 | 0 | |a Prime Ministers of Canada: Sing and learn Canadian story | |
| 245 | 0 | |c Blaine Selkirk, Ed Butts and Mark Shannon | |
| 260 | |a Toronto, Canada | ||
| 260 | |b Sara Jordan | ||
| 260 | |c 2001 | ||
| 650 | |a songs, canadian | ||
| 980 | |a Trung tâm Học liệu Trường Đại học Cần Thơ | ||